00000000nam##2200000za#4500
0019.626455
003CaOODSP
00520241210082333
007ta
008150406|2003||||xxc|||||     f|0| 0 fre|d
022 |a1192-5434
040 |aCaOODSP|bfre
043 |an-cn---
0861 |aFB3-2/103-40F
1102 |aBanque du Canada.
24510|aPoignée de main invisible et persistance des cycles économiques : |bune revue de la littérature / |cpar Christian Calmès.
260 |bBanque du Canada |c2003.
300 |av, 22p. : |bréférences ; |c28 cm.
4901 |aDocument de travail|x1192-5434|v2003-40
504 |aBibliographie.
5203 |aCe document de travail s’inscrit dans une série de documents qui se penchent sur toute une gamme de questions économiques et financières susceptibles d’intéresser les banquiers, les économistes et les responsables de l’élaboration des politiques.
546 |a(Abstracts in English.)
563 |aCouverture souple
590 |a04-02|b2004-01-09
7201 |aCalmès, Christian
7760#|tPoignée de main invisible et persistance des cycles économiques : |w(CaOODSP)9.603804
830#0|aDocument de travail,|x1192-5434|v2003-40|w(CaOODSP)9.513013